| 000 | 04140nab a2200349 i 4500 | ||
|---|---|---|---|
| 003 | BR-BrBNA | ||
| 005 | 20240312122633.0 | ||
| 008 | 240312b2011 bl.qr|p|oa||| 00| 0 por | | ||
| 040 |
_aBR-BrBNA _bpor |
||
| 072 | _aH20 | ||
| 100 | _aLorenzetti, E.R. | ||
| 100 | _aMonteiro, F.P. | ||
| 100 | _aSouza, P.E. | ||
| 100 | _aSouza, R.J. | ||
| 100 | _aScalice, H.K. | ||
| 100 | _aDiogo Jr, R. | ||
| 100 | _aPires, M.S.O. | ||
| 245 | _aBioatividade de óleos essenciais no controle de Botrytis cinerea isolado de morangueiro | ||
| 500 | _aPublicação on-line; 26 ref.; 2 tables; 3 illus.; Summaries (En, Pt) | ||
| 520 | _a RESUMO: Objetivou-se avaliar o uso de óleos essenciais sobre isolados de Botrytis cinerea, causador do mofo cinzento em morangueiro. Foram testados óleos essenciais de capim-limão, palmarosa, citronela, cravo, canela, menta, lavanda, tangerina, eucalipto, melaleuca, alecrim e laranja, todos estes analisados em cromatógrafo a gás acoplado a detector de massas, para identificação dos principais componentes dos óleos. Foram avaliados o crescimento micelial, produção e germinação de conídios de B. cinerea, com a incorporação do óleo no meio de cultura. Realizou-se ainda uma avaliação de voláteis e a eficiência de óleos em isolado resistente a fungicida. Para cada teste, diferentes óleos apresentaram eficiência, contudo capim limão, palmarosa, canela e menta demonstraram os melhores efeitos em todos os testes realizados. Todos os tratamentos a base de óleos demonstraram efeito semelhante a um fungicida recomendado para a cultura, a base de tiofanato metílico. Dois tratamentos mostraram-se efetivos no caso de isolado resistente (óleo de capim limão e de canela). Óleos essenciais mostram-se como opção promissora para o desenvolvimento de possíveis produtos fitossanitários para o manejo de doenças em plantas. Palavras-Chave: Fragaria x ananassa Duch. Ex. Rozier, agricultura orgânica, resistência a fungicidas, controle biológico, óleos essenciais, Botrytis cinerea | ||
| 520 | _a RESUMO: Objetivou-se avaliar o uso de óleos essenciais sobre isolados de Botrytis cinerea, causador do mofo cinzento em morangueiro. Foram testados óleos essenciais de capim-limão, palmarosa, citronela, cravo, canela, menta, lavanda, tangerina, eucalipto, melaleuca, alecrim e laranja, todos estes analisados em cromatógrafo a gás acoplado a detector de massas, para identificação dos principais componentes dos óleos. Foram avaliados o crescimento micelial, produção e germinação de conídios de B. cinerea, com a incorporação do óleo no meio de cultura. Realizou-se ainda uma avaliação de voláteis e a eficiência de óleos em isolado resistente a fungicida. Para cada teste, diferentes óleos apresentaram eficiência, contudo capim limão, palmarosa, canela e menta demonstraram os melhores efeitos em todos os testes realizados. Todos os tratamentos a base de óleos demonstraram efeito semelhante a um fungicida recomendado para a cultura, a base de tiofanato metílico. Dois tratamentos mostraram-se efetivos no caso de isolado resistente (óleo de capim limão e de canela). Óleos essenciais mostram-se como opção promissora para o desenvolvimento de possíveis produtos fitossanitários para o manejo de doenças em plantas. Palavras-Chave: Fragaria x ananassa Duch. Ex. Rozier, agricultura orgânica, resistência a fungicidas, controle biológico, óleos essenciais, Botrytis cinerea | ||
| 650 | _aFRAGARIA SPP | ||
| 650 | _aAGRICULTURA ORGÂNICA | ||
| 650 | _aRESISTÊNCIA A PESTICIDA | ||
| 650 | _aCONTROLE BIOLÓGICO | ||
| 650 | _aÓLEO ESSENCIAL | ||
| 650 | _aBOTRYTIS CINEREA | ||
| 773 | 0 |
_03543 _9313813 _dBotucatu-SP Instituto de Biociências - Departamento de Química e Bioquímica 1998 _o2024-0080 _tRevista Brasileira de Plantas Medicinais (Brazil) _x1516-0572 _gv. 13(special number) p. 619-627; (2011) _wBR2024000141 |
|
| 856 | _uhttps://www.scielo.br/j/rbpm/a/JWzCvMD4FhPZKYdtTkpXhQw/?format=pdf&lang=pt | ||
| 942 | _cAnalítica | ||
| 999 |
_c298760 _d298760 |
||